[Event "Balaguer op"]
[Site "?"]
[Date "2012.06.16"]
[Round "1"]
[White "Guerra Mendez, JA."]
[Black "Ferrer Font, J."]
[Result "1-0"]
[WhiteElo "2428"]
[BlackElo "1804"]
[PlyCount "51"]
[EventDate "2012.??.??"]
[EventType "swiss"]
[EventRounds "9"]

1. e4 e5 2. Nf3 Nf6 3. Nxe5 d6 4. Nf3 Nxe4 5. d4 d5 6. Bd3 Nc6 7. O-O Be7 8.
Nc3 Bf5 9. Re1 Nxc3 10. bxc3 Bxd3 11. cxd3 O-O 12. Rb1 Rb8 13. Qa4 Bf6 14. Bf4
a6 15. Re3 Ne7 16. Qa5 b6 17. Qxa6 Nf5 18. Re2 Qd7 19. Qb5 Rfd8 20. Qxd7 Rxd7
21. Rxb6 Rc8 22. Rb7 Nd6 23. Bxd6 Rxd6 24. Rxc7 Ra8 25. Ne5 Rda6 26. Nxf7 1-0

[Event "Balaguer op"]
[Site "?"]
[Date "2012.06.16"]
[Round "1"]
[White "Gutierrez Martos, FE."]
[Black "Moline Escartin, X."]
[Result "1-0"]
[WhiteElo "2038"]
[BlackElo "1877"]
[PlyCount "93"]
[EventDate "2012.??.??"]
[EventType "swiss"]
[EventRounds "9"]

1. c4 Nf6 2. g3 g6 3. Bg2 Bg7 4. Nc3 d6 5. d3 O-O 6. Bg5 c6 7. Qd2 e5 8. Nf3
Be6 9. O-O Nbd7 10. Rac1 Qc7 11. Rfd1 Rfe8 12. Bh6 Rad8 13. Bxg7 Kxg7 14. Ng5
h6 15. Nxe6+ Rxe6 16. Nd5 Qb8 17. Ne3 Rde8 18. b4 a6 19. Rb1 R6e7 20. a4 Nf8
21. Rb2 Ne6 22. Rdb1 Nd4 23. Qd1 Qc7 24. Nc2 Nxc2 25. Qxc2 Nd7 26. e3 Nf8 27.
Qc3 Kg8 28. a5 Ne6 29. h3 Qd7 30. b5 axb5 31. cxb5 cxb5 32. Rxb5 Nc5 33. d4
exd4 34. exd4 Ne4 35. Qb2 Qc8 36. Rxb7 Rxb7 37. Qxb7 Qc2 38. Qb2 Qc8 39. Qc1
Qf5 40. Qe1 Nf6 41. Qb4 Re2 42. Rf1 Ne4 43. Bxe4 Rxe4 44. a6 Re8 45. Qxd6 Qxh3
46. a7 Qc8 47. Rb1 1-0

[Event "Balaguer op"]
[Site "?"]
[Date "2012.06.16"]
[Round "1"]
[White "Janev, E."]
[Black "Puig Carres, J."]
[Result "1-0"]
[WhiteElo "2453"]
[BlackElo "1843"]
[PlyCount "55"]
[EventDate "2012.??.??"]
[EventType "swiss"]
[EventRounds "9"]

1. e4 e6 2. d4 d5 3. Nd2 Ne7 4. Ngf3 Ng6 5. h4 h5 6. e5 c5 7. c3 Nc6 8. g3 Qb6
9. Bd3 cxd4 10. Bxg6 fxg6 11. Qc2 Ne7 12. Nxd4 Nf5 13. N2f3 Be7 14. Nxf5 gxf5
15. O-O Bd7 16. Bg5 Bxg5 17. Nxg5 Qc7 18. Qe2 a6 19. Rfd1 Ke7 20. Nh3 g6 21.
Rd4 b5 22. Qe3 Qd8 23. b3 Rc8 24. Rad1 Kf7 25. c4 bxc4 26. bxc4 Rxc4 27. Rxc4
dxc4 28. Ng5+ 1-0

[Event "Balaguer op"]
[Site "?"]
[Date "2012.06.16"]
[Round "1"]
[White "Kovacevic, S."]
[Black "Sole Castañe, J."]
[Result "1-0"]
[WhiteElo "2310"]
[BlackElo "1656"]
[PlyCount "65"]
[EventDate "2012.??.??"]
[EventType "swiss"]
[EventRounds "9"]

1. d3 e5 2. a3 Nf6 3. c4 d6 4. Nc3 Be7 5. h3 c6 6. Nf3 Qc7 7. e4 h6 8. g3 Nbd7
9. b4 Nf8 10. d4 Ng6 11. Be3 a6 12. Rc1 exd4 13. Nxd4 O-O 14. Bg2 Rb8 15. O-O
Ne5 16. Qe2 Be6 17. Nd1 c5 18. Nxe6 fxe6 19. b5 axb5 20. cxb5 Ra8 21. Rc3 Ra4
22. f4 Nf7 23. Bc1 d5 24. Nf2 d4 25. Rc4 Rfa8 26. Bb2 Nd6 27. Rxa4 Rxa4 28. e5
Nf5 29. exf6 Nxg3 30. Qxe6+ Kh7 31. fxe7 Ra8 32. Ng4 Re8 33. Nf6+ 1-0

[Event "Balaguer op"]
[Site "?"]
[Date "2012.06.16"]
[Round "1"]
[White "Martinez Duany, LS."]
[Black "Rodon Balcells, J."]
[Result "1-0"]
[WhiteElo "2474"]
[BlackElo "1864"]
[PlyCount "85"]
[EventDate "2012.??.??"]
[EventType "swiss"]
[EventRounds "9"]

1. d4 e6 2. c4 Bb4+ 3. Bd2 Qe7 4. Nf3 Nf6 5. Qc2 Nc6 6. e3 Bxd2+ 7. Nbxd2 d5 8.
a3 Bd7 9. Bd3 a5 10. Rc1 h6 11. O-O a4 12. cxd5 exd5 13. Ne5 Nxe5 14. dxe5 Qxe5
15. Nf3 Qe7 16. Qxc7 O-O 17. Qe5 Qd8 18. Nd4 Rc8 19. h3 Re8 20. Qd6 Bc6 21. Nf5
Qc7 22. Nxh6+ gxh6 23. Qxf6 Re6 24. Qd4 Re5 25. f4 Re7 26. Rf3 f6 27. Qxf6 Rg7
28. Qe6+ Kf8 29. Qxh6 Kg8 30. Bf5 Re8 31. Be6+ Rxe6 32. Qxe6+ Kh8 33. Qe5 Qxe5
34. fxe5 d4 35. Rxc6 bxc6 36. exd4 Rb7 37. e6 Re7 38. Rf8+ Kg7 39. Rf7+ Rxf7
40. exf7 Kxf7 41. Kf2 Ke6 42. Ke3 Kd5 43. Kd3 1-0

[Event "Balaguer op"]
[Site "?"]
[Date "2012.06.16"]
[Round "1"]
[White "Monell Camarasa, D."]
[Black "Casas Torres, P."]
[Result "1-0"]
[WhiteElo "2254"]
[BlackElo "1611"]
[PlyCount "93"]
[EventDate "2012.??.??"]
[EventType "swiss"]
[EventRounds "9"]

1. d4 Nf6 2. c4 c5 3. d5 e6 4. Nc3 exd5 5. Nxd5 Nxd5 6. Qxd5 d6 7. Bf4 Nc6 8.
e4 Be6 9. Qd2 Qa5 10. Qxa5 Nxa5 11. b3 O-O-O 12. Bd3 h6 13. O-O-O g6 14. Ne2
Nc6 15. Bb1 Be7 16. Bg3 Rhe8 17. Nf4 Nd4 18. Rhe1 Bg5 19. h4 Bf6 20. f3 Be5 21.
Nxe6 Nxe6 22. Bxe5 dxe5 23. Rd5 f6 24. Red1 b6 25. g3 Nd4 26. Rf1 g5 27. hxg5
hxg5 28. Rh1 Nxf3 29. Rh7 a6 30. Rf7 Re6 31. Bd3 Rh8 32. Rdd7 Nd4 33. Ra7 Nc6
34. Rxa6 Nb8 35. Raa7 Rd6 36. Rac7+ Kd8 37. Rb7 Nd7 38. Ra7 Rh1+ 39. Kc2 Rh3
40. Bf1 Rxg3 41. Rh7 Rf3 42. Bh3 Rf2+ 43. Kc1 Rfd2 44. Bg4 R2d4 45. Rh8+ Ke7
46. Raa8 Rc6 47. Rh7+ 1-0

[Event "Balaguer op"]
[Site "?"]
[Date "2012.06.16"]
[Round "1"]
[White "Monfa Escola, R."]
[Black "Mellado Triviño, J."]
[Result "0-1"]
[WhiteElo "1837"]
[BlackElo "2444"]
[PlyCount "118"]
[EventDate "2012.??.??"]
[EventType "swiss"]
[EventRounds "9"]

1. d3 d5 2. a3 Nf6 3. Nf3 c5 4. b3 Nc6 5. Bb2 d4 6. g3 e5 7. Bg2 Bd6 8. Nbd2
O-O 9. O-O Bf5 10. Re1 Qd7 11. e3 Rfe8 12. exd4 exd4 13. Rxe8+ Rxe8 14. Qf1 a5
15. Re1 a4 16. Rxe8+ Qxe8 17. Nc4 Bc7 18. Nh4 Be6 19. Qe2 axb3 20. cxb3 Qd7 21.
Bc1 h6 22. Nf3 Bd5 23. Ne1 b5 24. Nd2 Ba5 25. Nef3 Qe6 26. Qxe6 fxe6 27. Bf1
Bc3 28. Be2 Nd7 29. Kf1 Kf7 30. h4 Ke7 31. Bd1 Kd6 32. Ke2 Nf6 33. Nb1 e5 34.
Nfd2 Na5 35. f3 Nc6 36. Bc2 Ba5 37. g4 Ne7 38. a4 bxa4 39. bxa4 Ng6 40. h5 Nf4+
41. Kf2 Nd7 42. Nf1 Bd8 43. Ng3 Bh4 44. Bd2 Nf8 45. Be1 N8e6 46. Kf1 Bxg3 47.
Bxg3 Bxf3 48. Nd2 Be2+ 49. Kf2 Bxd3 50. Bb3 Ng5 51. a5 Kc6 52. Bxf4 exf4 53.
Nc4 Kb5 54. Ne5 Be4 55. Nd7 c4 56. Bd1 Kxa5 57. Nc5 Kb4 58. Nxe4 Nxe4+ 59. Kf3
Nc3 0-1

[Event "Balaguer op"]
[Site "?"]
[Date "2012.06.16"]
[Round "1"]
[White "Montoliu Daroca, I."]
[Black "Fernandez Cardoso, A."]
[Result "0-1"]
[WhiteElo "1803"]
[BlackElo "2427"]
[PlyCount "60"]
[EventDate "2012.??.??"]
[EventType "swiss"]
[EventRounds "9"]

1. c4 e5 2. Nc3 d6 3. g3 g6 4. Bg2 Bg7 5. e3 f5 6. Nge2 Nf6 7. O-O O-O 8. d4
Nbd7 9. b3 e4 10. Nf4 Qe7 11. Bb2 c6 12. d5 Ne5 13. dxc6 bxc6 14. Ba3 Rd8 15.
Rc1 g5 16. Nh5 Nxh5 17. Qxh5 Be6 18. Qe2 g4 19. Qc2 Nf3+ 20. Kh1 Be5 21. Ne2
Qg7 22. Rfd1 Qh6 23. Bxf3 gxf3 24. Ng1 Kf7 25. Bb2 Rg8 26. Bxe5 dxe5 27. Rd6
Rg5 28. h4 Rag8 29. Rf1 Rh5 30. Nh3 Rxh4 0-1

[Event "Balaguer op"]
[Site "?"]
[Date "2012.06.16"]
[Round "1"]
[White "Obregon Rivero, JC."]
[Black "Farre Selma, D."]
[Result "1-0"]
[WhiteElo "2485"]
[BlackElo "1868"]
[PlyCount "73"]
[EventDate "2012.??.??"]
[EventType "swiss"]
[EventRounds "9"]

1. Nf3 d5 2. g3 Nc6 3. d4 g6 4. Bg2 Bg7 5. O-O Bg4 6. c3 Nf6 7. Ne5 Nxe5 8.
dxe5 Nd7 9. Qxd5 c6 10. Qe4 Nxe5 11. Bf4 Bf5 12. Qa4 O-O 13. Nd2 Qb6 14. Nb3
Rad8 15. Be3 Qc7 16. Qxa7 Ra8 17. Qc5 Rfd8 18. Bf4 h6 19. h3 g5 20. Bxe5 Qxe5
21. e4 Be6 22. Qb6 Bxb3 23. axb3 Qb8 24. Rad1 Rxd1 25. Rxd1 Qc8 26. b4 Be5 27.
b5 Bc7 28. Qc5 Bd6 29. Qc4 cxb5 30. Qxb5 Qc5 31. Rd5 Qa7 32. e5 Bc7 33. Rd7 Bb6
34. Qe2 Qa1+ 35. Kh2 Ra2 36. e6 Rxb2 37. exf7+ 1-0

[Event "Balaguer op"]
[Site "?"]
[Date "2012.06.16"]
[Round "1"]
[White "Ramiro Ovejero, JL."]
[Black "Solsona Manonelles, J."]
[Result "1-0"]
[WhiteElo "2349"]
[BlackElo "1701"]
[PlyCount "53"]
[EventDate "2012.??.??"]
[EventType "swiss"]
[EventRounds "9"]

1. e4 e6 2. d4 d5 3. e5 c5 4. Qg4 g6 5. Nf3 h5 6. Qg3 Nc6 7. Bd3 Qc7 8. O-O c4
9. Be2 Nge7 10. Bg5 Nf5 11. Qf4 Be7 12. Bxe7 Qxe7 13. b3 cxb3 14. axb3 a6 15.
c4 Nb4 16. Nc3 Bd7 17. Qd2 Rc8 18. Nd1 dxc4 19. bxc4 Nc6 20. Rb1 Rc7 21. Nc3
Na7 22. Ne4 O-O 23. Nf6+ Kg7 24. Bd3 Bc6 25. d5 exd5 26. cxd5 Qc5 27. Bxf5 1-0

[Event "Balaguer op"]
[Site "?"]
[Date "2012.06.16"]
[Round "1"]
[White "Roeder, M."]
[Black "Bonet Verdu, M."]
[Result "1-0"]
[WhiteElo "2434"]
[BlackElo "1811"]
[PlyCount "66"]
[EventDate "2012.??.??"]
[EventType "swiss"]
[EventRounds "9"]

1. Nf3 d5 2. c4 c6 3. e3 f5 4. b3 e6 5. Bb2 Nf6 6. Qc1 Bd6 7. Ba3 O-O 8. Bxd6
Qxd6 9. Qa3 Qxa3 10. Nxa3 Nbd7 11. Rc1 e5 12. cxd5 cxd5 13. Nb5 h6 14. d4 e4
15. Ne5 a6 16. Nc7 Rb8 17. Be2 Nxe5 18. dxe5 Ng4 19. Bxg4 fxg4 20. Nxd5 Be6 21.
Nf4 Rfe8 22. Rc7 Bf7 23. Ne2 Rxe5 24. Nd4 Ree8 25. Kd2 Rec8 26. Rcc1 Rxc1 27.
Rxc1 g6 28. Kc3 Kf8 29. Kb4 a5+ 30. Kb5 a4 31. bxa4 Bxa2 32. a5 Ke8 33. Kb6 Bd5
1-0

[Event "Balaguer op"]
[Site "?"]
[Date "2012.06.16"]
[Round "1"]
[White "Ruiz Sanchez, O."]
[Black "Fortuny Profitos, J."]
[Result "1-0"]
[WhiteElo "2416"]
[BlackElo "1769"]
[PlyCount "69"]
[EventDate "2012.??.??"]
[EventType "swiss"]
[EventRounds "9"]

1. e4 e5 2. Nf3 Nf6 3. Nxe5 d6 4. Nc4 Nxe4 5. Nc3 Nxc3 6. bxc3 d5 7. Ne3 c6 8.
d4 Bd6 9. Bd3 Nd7 10. Nf5 O-O 11. Qg4 g6 12. Nxd6 Qe7+ 13. Qe2 Qxd6 14. Bh6 Rd8
15. O-O Nf6 16. Rfe1 Be6 17. Bg5 Ng4 18. f4 Re8 19. h3 f6 20. Bh4 Nh6 21. Bxf6
Qxf4 22. Rf1 Qd6 23. Qd2 Nf7 24. Rf3 c5 25. dxc5 Qxc5+ 26. Bd4 Qc7 27. Raf1 Rf8
28. Rf6 Bxh3 29. gxh3 Qg3+ 30. Qg2 Qxg2+ 31. Kxg2 b6 32. Bxg6 hxg6 33. Rxg6+
Kh7 34. Rg7+ Kh6 35. Rfxf7 1-0

[Event "Balaguer op"]
[Site "?"]
[Date "2012.06.16"]
[Round "1"]
[White "Sanchez Sanchez, M."]
[Black "Martinez Lopez, I."]
[Result "0-1"]
[WhiteElo "1655"]
[BlackElo "2302"]
[PlyCount "78"]
[EventDate "2012.??.??"]
[EventType "swiss"]
[EventRounds "9"]

1. e4 e5 2. Nf3 Nc6 3. Bb5 Nd4 4. Nxd4 exd4 5. O-O Bc5 6. a3 Ne7 7. d3 O-O 8.
Bg5 h6 9. Bh4 c6 10. Bc4 d5 11. exd5 cxd5 12. Ba2 Be6 13. Nd2 Qb6 14. Rb1 Nf5
15. Bg3 Nxg3 16. hxg3 a5 17. Qf3 Rfd8 18. Rfc1 Be7 19. Qh5 Rac8 20. f4 f6 21.
Qe2 Bf8 22. Nf3 Bg4 23. Qf2 Bc5 24. Kh2 a4 25. Re1 h5 26. Kh1 Kf7 27. Nh2 Qd6
28. Nxg4 hxg4 29. Qe2 Qd7 30. Kg1 Qf5 31. Qd2 b6 32. Re2 Rh8 33. Rbe1 Rh5 34.
Kf2 Rh2 35. Qc1 Rch8 36. Re6 R8h3 37. Kg1 Rh1+ 38. Kf2 Qxe6 39. Rxh1 Qe3+ 0-1

[Event "Balaguer op"]
[Site "?"]
[Date "2012.06.16"]
[Round "1"]
[White "Segues Pons, M."]
[Black "Aranzana Areste, A."]
[Result "1-0"]
[WhiteElo "1778"]
[BlackElo "2023"]
[PlyCount "67"]
[EventDate "2012.??.??"]
[EventType "swiss"]
[EventRounds "9"]

1. e4 e6 2. Nf3 d5 3. exd5 exd5 4. d4 Bd6 5. Bd3 Ne7 6. Bg5 f6 7. Bh4 O-O 8.
O-O Bg4 9. c3 c6 10. Nbd2 Bf5 11. Qe2 Bxd3 12. Qxd3 Na6 13. Rfe1 Nc7 14. Re2
Qd7 15. Ne1 Ng6 16. Bg3 Rfe8 17. Bxd6 Qxd6 18. Rxe8+ Rxe8 19. Nc2 Nf4 20. Qf3
Re2 21. Rd1 Nce6 22. Kf1 Ng5 23. Qg4 Re7 24. Ne3 g6 25. h4 Nd3 26. hxg5 f5 27.
Qh3 Nxb2 28. Rb1 Qa3 29. Ra1 Na4 30. Nd1 Nb6 31. Qg3 Qa6+ 32. c4 dxc4 33. Nf3
Nd5 34. Kg1 1-0

[Event "Balaguer op"]
[Site "?"]
[Date "2012.06.16"]
[Round "1"]
[White "Solani Nuñez, J."]
[Black "Ramon Solans, A."]
[Result "0-1"]
[WhiteElo "1626"]
[BlackElo "2281"]
[PlyCount "74"]
[EventDate "2012.??.??"]
[EventType "swiss"]
[EventRounds "9"]

1. e4 Nf6 2. Nc3 d5 3. exd5 Nxd5 4. Nxd5 Qxd5 5. Qf3 Qxf3 6. Nxf3 Bf5 7. d3 e6
8. Bf4 Bd6 9. Bg3 Nc6 10. O-O-O O-O-O 11. Be2 Nb4 12. a3 Nd5 13. Nh4 Bg6 14.
Nxg6 hxg6 15. Bf3 Bxg3 16. hxg3 Ne7 17. Rh3 Rxh3 18. gxh3 c6 19. c3 c5 20. Kc2
Kc7 21. b4 cxb4 22. axb4 Nf5 23. Kb3 b5 24. g4 Nh4 25. Bh1 g5 26. Be4 g6 27.
Kc2 f5 28. gxf5 gxf5 29. Bh1 Ng6 30. Re1 Nf4 31. Re3 Rh8 32. Re5 Rxh3 33. Rc5+
Kd6 34. Bc6 Nxd3 35. Bxb5 Nxc5 36. bxc5+ Kxc5 37. c4 Rf3 0-1

[Event "Balaguer op"]
[Site "?"]
[Date "2012.06.16"]
[Round "1"]
[White "Sole Pijuan, F."]
[Black "Ramon Perez, JL."]
[Result "0-1"]
[WhiteElo "1539"]
[BlackElo "2249"]
[PlyCount "48"]
[EventDate "2012.??.??"]
[EventType "swiss"]
[EventRounds "9"]

1. d4 d5 2. c4 e6 3. Nc3 c5 4. e3 Nf6 5. Nf3 Nc6 6. cxd5 exd5 7. Be2 Bd6 8. O-O
O-O 9. Qc2 Qe7 10. Nb5 Nb4 11. Qd1 Bf5 12. Bd2 c4 13. Nxd6 Qxd6 14. a3 Nc6 15.
b4 b5 16. Bc3 Ne4 17. Rc1 a5 18. bxa5 Qxa3 19. Be1 Qd6 20. Rb1 b4 21. Qc2 Ng3
22. Bxb4 Nxb4 23. Qb2 Nxe2+ 24. Qxe2 Bxb1 0-1

[Event "Balaguer op"]
[Site "?"]
[Date "2012.06.16"]
[Round "1"]
[White "Trepat Herranz, J."]
[Black "Cosialls Baz, D."]
[Result "1-0"]
[WhiteElo "2299"]
[BlackElo "1643"]
[PlyCount "109"]
[EventDate "2012.??.??"]
[EventType "swiss"]
[EventRounds "9"]

1. e4 e5 2. Nf3 Nc6 3. Bb5 a6 4. Ba4 Nf6 5. d3 b5 6. Bb3 Be7 7. O-O O-O 8. Re1
d6 9. c3 Na5 10. Bc2 c5 11. Nbd2 Be6 12. Nf1 Qd7 13. d4 cxd4 14. cxd4 exd4 15.
Nxd4 Rac8 16. Ng3 Qc7 17. Ngf5 Rfe8 18. Nxe7+ Rxe7 19. Bg5 Nc6 20. Rc1 Qb6 21.
Bxf6 gxf6 22. Nxe6 fxe6 23. Bb3 Qc7 24. Qg4+ Kf7 25. Qh5+ Kg7 26. Re3 Qd7 27.
Rg3+ Kh8 28. Qh6 Rf7 29. Rgc3 Na7 30. Rxc8+ Nxc8 31. f4 Nb6 32. f5 d5 33. fxe6
Qxe6 34. Bxd5 Nxd5 35. exd5 Qb6+ 36. Kh1 Rg7 37. Rc8+ Rg8 38. Rc6 Qd4 39. Qxf6+
Qxf6 40. Rxf6 Rd8 41. Rf5 Kg7 42. g4 Kg6 43. Kg2 Rc8 44. d6 Rc2+ 45. Rf2 Rc8
46. d7 Rd8 47. Rd2 Kf7 48. Kg3 Ke7 49. h4 h6 50. h5 Ke6 51. b4 Ke7 52. Kf4 Rf8+
53. Ke5 Kd8 54. Rd6 Rh8 55. Ke6 1-0

[Event "Balaguer op"]
[Site "?"]
[Date "2012.06.16"]
[Round "1"]
[White "Valera Muñoz, A."]
[Black "Quintas Galeano, L."]
[Result "0-1"]
[WhiteElo "1398"]
[BlackElo "2148"]
[PlyCount "24"]
[EventDate "2012.??.??"]
[EventType "swiss"]
[EventRounds "9"]

1. d4 Nf6 2. Bf4 d5 3. e3 c5 4. Nf3 Nc6 5. c4 Qb6 6. Qb3 cxd4 7. Qxb6 axb6 8.
exd4 Nb4 9. Kd2 Ne4+ 10. Kc1 Nxf2 11. Rg1 Nfd3+ 12. Kd2 Nxf4 0-1

[Event "Balaguer op"]
[Site "?"]
[Date "2012.06.16"]
[Round "1"]
[White "Vera Balague, G."]
[Black "Codina Garcia, J."]
[Result "1/2-1/2"]
[WhiteElo "2031"]
[BlackElo "2124"]
[PlyCount "64"]
[EventDate "2012.??.??"]
[EventType "swiss"]
[EventRounds "9"]

1. e4 e6 2. f4 d5 3. e5 c5 4. Nf3 Nc6 5. c3 Qb6 6. Na3 Bd7 7. Nc2 Rc8 8. Ne3 f6
9. Bd3 Qc7 10. O-O fxe5 11. fxe5 Nh6 12. Re1 Nf7 13. Nxd5 exd5 14. e6 Bxe6 15.
Rxe6+ Be7 16. Bb5 O-O 17. d4 cxd4 18. Bxc6 bxc6 19. Nxd4 Qd7 20. Qe2 Rfe8 21.
Bf4 Bc5 22. Re1 Rxe6 23. Qxe6 Qxe6 24. Rxe6 Kf8 25. Kf1 Nd8 26. Re2 Kf7 27. Be5
Bxd4 28. Bxd4 c5 29. Rf2+ Kg8 30. Be5 Ne6 31. Ke2 Rc6 32. a3 a5 1/2-1/2

[Event "Balaguer op"]
[Site "?"]
[Date "2012.06.16"]
[Round "1"]
[White "Verdes Nadal, R."]
[Black "Sanikidze, T."]
[Result "0-1"]
[WhiteElo "1979"]
[BlackElo "2596"]
[PlyCount "56"]
[EventDate "2012.??.??"]
[EventType "swiss"]
[EventRounds "9"]

1. Nf3 Nf6 2. c4 g6 3. Nc3 Bg7 4. e4 d6 5. d3 O-O 6. Be2 c5 7. d4 Nc6 8. dxc5
dxc5 9. Qxd8 Rxd8 10. O-O Bg4 11. Bg5 h6 12. Bxf6 Bxf6 13. Rac1 Bxf3 14. Bxf3
Rd2 15. b3 Bxc3 16. Rxc3 Rxa2 17. e5 Nd4 18. Rd3 Rd8 19. Rfd1 b6 20. Kf1 Rb8
21. Bg4 Rb2 22. R1d2 Rxd2 23. Rxd2 Nxb3 24. Rd7 e6 25. Bd1 Na5 26. Be2 Rb7 27.
Rd8+ Kg7 28. h4 Nc6 0-1

[Event "Balaguer op"]
[Site "?"]
[Date "2012.06.16"]
[Round "1"]
[White "Vidal Rosell, J."]
[Black "Campos Moreno, J."]
[Result "0-1"]
[WhiteElo "1872"]
[BlackElo "2488"]
[PlyCount "38"]
[EventDate "2012.??.??"]
[EventType "swiss"]
[EventRounds "9"]

1. e4 c5 2. f4 e6 3. Nf3 d5 4. exd5 exd5 5. Bb5+ Bd7 6. Qe2+ Be7 7. Ne5 Nf6 8.
O-O O-O 9. Nxd7 Nbxd7 10. c3 c4 11. Bxd7 Bc5+ 12. Kh1 Qxd7 13. d4 cxd3 14. Qxd3
Rfe8 15. Nd2 Re3 16. Qc2 Rae8 17. Nf3 Re2 18. Qd3 Qg4 19. g3 Qh3 0-1

[Event "Balaguer op"]
[Site "?"]
[Date "2012.06.17"]
[Round "2"]
[White "Aroshidze, L."]
[Black "Kovacevic, S."]
[Result "1-0"]
[WhiteElo "2580"]
[BlackElo "2310"]
[PlyCount "63"]
[EventDate "2012.??.??"]
[EventType "swiss"]
[EventRounds "9"]

1. e4 c5 2. Nf3 e6 3. d4 cxd4 4. Nxd4 a6 5. Bd3 Nf6 6. O-O d6 7. c4 b6 8. Nc3
Bb7 9. Qe2 Nc6 10. Nxc6 Bxc6 11. f4 Be7 12. b3 O-O 13. Bb2 Nd7 14. Rad1 g6 15.
Kh1 Re8 16. e5 Qc7 17. Be4 Bxe4 18. Nxe4 dxe5 19. fxe5 Nxe5 20. Qf2 f5 21. Qf4
g5 22. Nxg5 Bxg5 23. Qxg5+ Ng6 24. h4 Qe7 25. Bf6 Qf7 26. h5 Rf8 27. Bb2 Qe7
28. Qg3 f4 29. Qh3 Nh8 30. Qg4+ Kf7 31. Rxf4+ Ke8 32. Rxf8+ 1-0

[Event "Balaguer op"]
[Site "?"]
[Date "2012.06.17"]
[Round "2"]
[White "Aryan, Ch"]
[Black "Ruiz Sanchez, O."]
[Result "0-1"]
[WhiteElo "1985"]
[BlackElo "2416"]
[PlyCount "84"]
[EventDate "2012.??.??"]
[EventType "swiss"]
[EventRounds "9"]

1. e4 c5 2. Nf3 d6 3. d4 cxd4 4. Nxd4 Nf6 5. Nc3 Nc6 6. Bc4 e6 7. Be3 a6 8. Qe2
Qc7 9. Bb3 Na5 10. O-O-O b5 11. f3 Be7 12. g4 Nxb3+ 13. axb3 b4 14. Na4 Nd7 15.
Qc4 Nc5 16. Qxb4 Rb8 17. Qc3 a5 18. Nxc5 dxc5 19. Ne2 e5 20. Rd5 f6 21. Bxc5
Be6 22. Bxe7 Qxe7 23. Rc5 O-O 24. Rc7 Qb4 25. Qxb4 axb4 26. Rd1 Ra8 27. Rd6
Ra1+ 28. Kd2 Bf7 29. Nc1 Rb1 30. Rdd7 g5 31. Nd3 Rh1 32. Nxb4 Rxh2+ 33. Ke3 Rh3
34. Nd5 Be6 35. Rd6 Bxd5 36. exd5 f5 37. gxf5 g4 38. Rc4 Rxf3+ 39. Ke2 Rf4 40.
Re6 R8xf5 41. Re8+ Kg7 42. Rc7+ Rf7 0-1

[Event "Balaguer op"]
[Site "?"]
[Date "2012.06.17"]
[Round "2"]
[White "Bonet Verdu, M."]
[Black "Sole Pijuan, F."]
[Result "1-0"]
[WhiteElo "1811"]
[BlackElo "1539"]
[PlyCount "41"]
[EventDate "2012.??.??"]
[EventType "swiss"]
[EventRounds "9"]

1. c4 e6 2. e4 Nc6 3. d4 d5 4. exd5 exd5 5. Nf3 Bg4 6. Be2 Bb4+ 7. Nc3 Nf6 8.
O-O O-O 9. Bg5 Bxc3 10. bxc3 dxc4 11. Bxc4 h6 12. Bh4 Re8 13. a4 Qd6 14. Bg3
Qe6 15. Bd3 Nh5 16. Rb1 Nxg3 17. hxg3 b6 18. d5 Qxd5 19. Bh7+ Kxh7 20. Qxd5
Bxf3 21. Qxf3 1-0

[Event "Balaguer op"]
[Site "?"]
[Date "2012.06.17"]
[Round "2"]
[White "Campos Moreno, J."]
[Black "Trepat Herranz, J."]
[Result "1/2-1/2"]
[WhiteElo "2488"]
[BlackElo "2299"]
[PlyCount "65"]
[EventDate "2012.??.??"]
[EventType "swiss"]
[EventRounds "9"]

1. d4 Nf6 2. c4 g6 3. Nc3 Bg7 4. e4 d6 5. Nge2 O-O 6. h3 c5 7. d5 e6 8. Ng3
exd5 9. cxd5 h5 10. Bg5 Qb6 11. Qd2 Nh7 12. Bh4 Nd7 13. Be2 Bf6 14. Bxf6 Ndxf6
15. O-O-O Re8 16. h4 Bd7 17. f4 Qd8 18. Rde1 Rb8 19. Bf3 b5 20. e5 b4 21. Nd1
Ng4 22. e6 fxe6 23. dxe6 Bxe6 24. Rxe6 Rxe6 25. Bd5 Qd7 26. f5 gxf5 27. Ne3 Kh8
28. Bxe6 Qxe6 29. Nexf5 Ne5 30. Re1 Nd3+ 31. Qxd3 Qxe1+ 32. Kc2 Qe5 33. Nxd6
1/2-1/2

[Event "Balaguer op"]
[Site "?"]
[Date "2012.06.17"]
[Round "2"]
[White "Casas Torres, P."]
[Black "Ayza Casamitjana, A."]
[Result "1/2-1/2"]
[WhiteElo "1611"]
[BlackElo "1868"]
[PlyCount "72"]
[EventDate "2012.??.??"]
[EventType "swiss"]
[EventRounds "9"]

1. e4 c5 2. Nf3 e6 3. g3 d5 4. exd5 exd5 5. d4 Nc6 6. Be3 c4 7. Bg2 Nf6 8. O-O
Be7 9. h3 O-O 10. Nc3 h6 11. a3 Bf5 12. Kh2 Re8 13. Ng1 Be6 14. Nge2 Bd6 15.
Bf4 Bxf4 16. Nxf4 Qb6 17. Ncxd5 Nxd5 18. Bxd5 Qxb2 19. Nxe6 fxe6 20. Bxc6 bxc6
21. Re1 Rad8 22. Rb1 Qxd4 23. Qxd4 Rxd4 24. Rbd1 Rd5 25. Kg2 Kf7 26. Rb1 Ra5
27. Rb4 Rxa3 28. Rxc4 Ra6 29. f4 Rd8 30. Kf3 Rd6 31. Re5 Rd5 32. Re3 Rb6 33.
Rec3 Rd6 34. Rc5 Ke7 35. Ra3 Rb7 36. Rca5 Rdd7 1/2-1/2

[Event "Balaguer op"]
[Site "?"]
[Date "2012.06.17"]
[Round "2"]
[White "Codina Garcia, J."]
[Black "Segues Pons, M."]
[Result "1-0"]
[WhiteElo "2124"]
[BlackElo "1778"]
[PlyCount "115"]
[EventDate "2012.??.??"]
[EventType "swiss"]
[EventRounds "9"]

1. d4 d5 2. Nf3 Nf6 3. c4 c6 4. e3 Bf5 5. Nc3 e6 6. Be2 Bd6 7. O-O O-O 8. b3
Nbd7 9. Bb2 Ne4 10. Rc1 Ndf6 11. h3 h6 12. Nd2 Ng5 13. f4 Nge4 14. Ndxe4 Nxe4
15. Bf3 Ng3 16. Rf2 Qh4 17. Qe1 Bg6 18. Rd2 Nf5 19. Qxh4 Nxh4 20. Be2 Nf5 21.
Kf2 c5 22. Nb5 cxd4 23. Nxd4 Nxd4 24. Rxd4 Bc5 25. Rdd1 dxc4 26. Rxc4 b6 27. b4
Be7 28. Rd7 Rfe8 29. Bf3 Rad8 30. Rcd4 Rxd7 31. Rxd7 Bxb4 32. Rxa7 Rd8 33. Ra8
Rxa8 34. Bxa8 Bc5 35. Ke2 Bb1 36. a3 Kf8 37. Bc6 f6 38. e4 Ke7 39. e5 f5 40.
Bb5 Be4 41. g3 h5 42. h4 Kf7 43. a4 Ke7 44. Bc1 Bb4 45. Bd2 Bc5 46. Be3 Bd5 47.
Bxc5+ bxc5 48. Kd3 Kd8 49. Bc4 Be4+ 50. Kc3 Kd7 51. Be2 g6 52. Bb5+ Kc7 53. Kc4
Kb6 54. a5+ Kxa5 55. Kxc5 Bf3 56. Be8 Be4 57. Bxg6 Bf3 58. Bf7 1-0

[Event "Balaguer op"]
[Site "?"]
[Date "2012.06.17"]
[Round "2"]
[White "Cori Tello, D."]
[Black "Purgimon Diaz, J."]
[Result "0-1"]
[WhiteElo "2386"]
[BlackElo "1982"]
[PlyCount "78"]
[EventDate "2012.??.??"]
[EventType "swiss"]
[EventRounds "9"]

1. d4 Nf6 2. Nf3 g6 3. c4 Bg7 4. g3 O-O 5. Bg2 d6 6. O-O Nbd7 7. Nc3 e5 8. b3
c6 9. e4 Re8 10. h3 Qa5 11. Bb2 exd4 12. Nxd4 Nc5 13. Re1 Be6 14. a3 Qc7 15.
Rc1 Rad8 16. b4 Bxc4 17. bxc5 dxc5 18. Na4 cxd4 19. Rxc4 b5 20. Rxd4 bxa4 21.
Rxd8 Rxd8 22. Qxa4 Qb6 23. Qc2 Rb8 24. Re2 Nh5 25. Bxg7 Nxg7 26. Kh2 Ne6 27.
Rd2 c5 28. f4 Nd4 29. Qc3 a5 30. f5 Qd6 31. f6 a4 32. Qa5 h5 33. Rd1 Rb2 34.
Qxa4 Nf3+ 35. Kh1 Qxg3 36. Qe8+ Kh7 37. Qxf7+ Kh6 38. Qg7+ Kg5 39. Rd5+ Kh4 0-1

[Event "Balaguer op"]
[Site "?"]
[Date "2012.06.17"]
[Round "2"]
[White "Cori Tello, J."]
[Black "Monell Camarasa, D."]
[Result "1-0"]
[WhiteElo "2479"]
[BlackElo "2254"]
[PlyCount "60"]
[EventDate "2012.??.??"]
[EventType "swiss"]
[EventRounds "9"]

1. d4 d5 2. c4 c6 3. e3 Nf6 4. Nf3 a6 5. Qc2 Nbd7 6. b3 e6 7. Bb2 Ne4 8. Bd3 f5
9. O-O Bd6 10. Ne5 O-O 11. f3 Nef6 12. Nd2 Qc7 13. f4 Ne4 14. Ndf3 Ndf6 15. c5
Be7 16. g4 fxg4 17. Ng5 Bd7 18. Bxe4 dxe4 19. Nxe4 Nd5 20. Qe2 h5 21. Ng6 Rf7
22. h3 e5 23. Nxe5 Rf5 24. Ng3 Rxe5 25. fxe5 h4 26. Nf5 Bg5 27. e4 Nf4 28. Qxg4
Ne6 29. Bc1 Qd8 30. d5 Bc8 1-0